Pays se terminant par O - Statistiques

Statistiques générales
  • Ce quiz a été pris 614 fois
    572 depuis la dernière actualisation
  • Le résultat moyen est 6 sur 9
Statistiques - réponses
Réponses % Correct
Togo
81%
Kosovo
77%
Lesotho
73%
République démocratique du Congo
73%
République du Congo
73%
Monaco
64%
Monténégro
56%
Burkina Faso
54%
Trinité-et-Tobago
39%
Aucun quiz correspondant
Distribution des résultats
% des personnes avec chaque résultat
Percentile par nombre de réponses
Votre historique - résultats
Vous n’avez pas pris ce quiz depuis la dernière actualisation